00885nam a2200241 a 4500001001300000003000900013005001700022008004100039020002300080082001700103100001700120245004800137260004400185500003500229505001000264505010000274700001700374902000800391942000700399952012200406952009800528999001700626nice12345678IN_TiNIC20260116014110.0050524s2002 leia grp 000 0 eng  a1872531512 c40000a492.78bABD3 aAbudr, Rahim aArabic Course for English-Speaking Students aLeicester(uk)bUK Islamic Academyc2002 aincludes index and biblioraphy2 aIndex2 aIndex00gV 1.tArabic Course for English-Speaking Studenst.--gV 2.tArabic Course for English-1 aAbudr, Rahim bSRC cBK 00104070aHMIbHMId2018-08-01g400.00l3o492.78 ABD3p020674q2026-02-24r2026-02-10s2026-02-10w2026-01-16yBK 00104070aHMIbHMId2018-08-01g400.00l0o492.78 ABD3p020675r0000-00-00w2026-01-16yBK c13868d13868